| 000 | 00610nam a22002057a 4500 | ||
|---|---|---|---|
| 003 | DO-CoUTE | ||
| 005 | 20260429132401.0 | ||
| 008 | 260429b dr ||||| |||| 00| 0 spa d | ||
| 020 | _a0-89729-939-6 | ||
| 040 |
_aDO-CoUTE _bspa _cDO-CoUTE |
||
| 082 | _a972.91R788c | ||
| 100 | 1 |
_aRos, Enrique _eAutor |
|
| 245 | 1 | 0 |
_aCastro y las Guerillas en Latinoamérica / _cEnrique Ros |
| 260 |
_aMaimi, florida ; _bUniversal, _c2001 |
||
| 300 |
_a381 Paginas : _c23cm, |
||
| 504 | _a Incluye referencia bibliográfica e índice. | ||
| 650 | 4 | _aGuerras | |
| 700 | 1 |
_aEnrique Ros _eAutor |
|
| 942 |
_2ddc _cBK |
||
| 999 |
_c24149 _d24149 |
||